| 000 | 00372nam a2200157Ia 4500 | ||
|---|---|---|---|
| 008 | 210210b1968 xxu||||| |||| 00| 0 eng d | ||
| 082 | _a302 LINH | ||
| 100 | _aLINDZEY (Gardner) & ARONSON (Elliot). | ||
| 245 | _aHandbook of social psychology. | ||
| 250 | _a | ||
| 260 |
_aNY _b _c1968 |
||
| 300 | _a694 | ||
| 440 | _a4 | ||
| 690 | _aSocial Psychology | ||
| 906 | _a033049 | ||
| 999 |
_c83810 _d83810 |
||